| 000 | 005300000a22001570004500 | ||
|---|---|---|---|
| 005 | 20240106101021.0 | ||
| 008 | 230817t ||||| |||| 00| 0 eng d | ||
| 082 |
_a305.43 _bUNI |
||
| 110 | _aUnited Nations | ||
| 245 |
_a Development of women's organizations in rural areas : _breport of the Expert Group Meeting, 1-7 August 1978 |
||
| 260 |
_a[Bangkok]: _bESCAP, United Nations, _c [1978] |
||
| 300 | _a 67 p. : ill. ; 24 cm | ||
| 650 | _aRural women, Asia- Societies | ||
| 650 | _aWomen in development, Societies | ||
| 942 | _cRP | ||
| 999 |
_c1727 _d1727 |
||